|
|
|
|
| LEADER |
00996nam a2200289 a 4500 |
| 001 |
000342927 |
| 003 |
CZ BrMZK |
| 005 |
20061110115618.0 |
| 008 |
980107s1998 xr f cze d |
| 015 |
|
|
|a cnb000371255
|
| 020 |
|
|
|a 80-85775-86-7
|
| 035 |
|
|
|a (OCoLC)42029092
|
| 040 |
|
|
|a BOA001
|b cze
|
| 080 |
9 |
|
|a 372.880.850
|
| 080 |
9 |
|
|a 373.33
|
| 100 |
1 |
|
|a Hrdličková, Hana,
|d 1937-2000
|7 jo20000054864
|4 aut
|
| 245 |
1 |
0 |
|a Český jazyk 6.
|n Díl 3.,
|p Přehledy, tabulky, rozbory, cvičení /
|c [autoři Hana Hrdličková, Eva Beránková,... et al.]
|
| 246 |
3 |
0 |
|a Přehledy, tabulky, rozbory, cvičení
|
| 250 |
|
|
|a Vyd. 1.
|
| 260 |
|
|
|a Všeň :
|b Alter,
|c 1998
|
| 300 |
|
|
|a 80 s. :
|b il. ;
|c 23 cm
|
| 653 |
0 |
|
|a čeština
|
| 700 |
1 |
|
|a Beránková, Eva
|7 jn20001103786
|4 aut
|
| 910 |
|
|
|a BOA001
|b PK-0130.350,3
|
| 964 |
|
|
|a Čeština
|x učebnice
|x školy základní
|
| 990 |
|
|
|a BK
|
| 996 |
7 |
|
|b 3119013564
|c PK-0130.350,3
|l MZK
|r Sklad / do 1 hodiny
|n 18
|p p.v.
|w 000342927
|u 000010
|a 1
|e BOA001
|j MZK50
|s A
|